Při karu Prawoslawa Čerwenáka

Prejav Ľ. Štúra na kare B. P. Červenáka

Bibliographic Details
Main Author: Štúr, Ľudovít, 1815-1856 (Author)
Format: Manuscript Book
Language:Czech
PhysicalDescription:8 nečíslovaných strán rukopis, voľné listy 23 cm
Published: [Bratislava?] [1842]
Subjects:

MARC

LEADER 00000ntmaa2200000 a 4500
001 vtls012076633
003 SK-MaSNL
005 20260301150654.0
008 230802s1842 xo || 000 sdcze
035 |a urn:nbn:sk:snk-tm00glue 
035 |a urn:nbn:sk:snk-tm3n4rn 
035 |a 10314A5A-D1AD-499C-89CA-7B4C6C830D2C 
040 |a SNKLA  |b slo  |c SNKLA  |e AACR2 
041 0 |a cze 
044 |a xo  |c SK 
072 7 |a 393  |x Smrť. Pohreby. Obyčaje pri úmrtí  |2 konspekt 
080 |a 025.171  |2 2011 
080 |a (042.5)  |2 2011 
100 1 |a Štúr, Ľudovít,  |d 1815-1856  |4 aut  |9 92872 
245 1 0 |a Při karu Prawoslawa Čerwenáka  |c [Ľudovít Štúr] 
260 |a [Bratislava?]  |c [1842] 
300 |a 8 nečíslovaných strán  |b rukopis, voľné listy  |c 23 cm 
500 |a Autor podľa pôvodného spracovania 
520 2 |a Prejav Ľ. Štúra na kare B. P. Červenáka 
555 0 |a Inventár rukopisov Literárneho archívu Matice slovenskej VII. Fondy 1 - 30. Martin : Matica slovenská 1978 
561 |a Okrúhla pečiatka: Literárny archív Matice slovenskej Martin 
600 1 7 |a Červenák, Benjamín Pravoslav,  |d 1816-1842  |2 SNKMA  |9 236354 
650 0 7 |a pohreby  |2 SNKPH  |9 1976 
655 7 |a rukopisy  |2 SNKPH  |9 70548 
655 7 |a prejavy  |2 SNKPH  |9 70401 
852 |a Slovenská národná knižnica  |b Literárny archív 
958 |a OF 
958 |a LAVD 
999 |c 784247  |d 786177 
952 |a SNKLA  |b SNKLA  |c SNKLA_DEP  |y NEVYP  |7 0  |p 17A1229921  |o snk26 C 5/1  |0 0  |1 0  |4 0  |d 2021-11-09  |f 1  |l 0  |r 2026-02-24 01:15:24  |w 2026-02-24